000 00791nam a2200217 i 4500
001 167023
003 ES-MaACL
005 20251005063132.0
008 981210s1870 po |||| |dpor d
040 _aCCPB | B
_bspa
_cCCPB | B
100 1 _aVasconcellos, Joaquim de,
_d1849-1936
_9133567
245 1 3 _aOs musicos portuguezes
_b: biographia - bibliographia /
_cpor Joaquim de Vasconcellos.
260 _aPorto :
_b[s.n.],
_c1870 (
_fImprensa Portugueza)
300 _a2 v.(XXXVI, 289 ; 308, [4] p., [3] h. pleg.) ;
_c24 cm.
597 _aAntep.
597 _aSignaturizado.
650 4 _aMúsicos-
_zPortugal-
_xBiografías.
_9136577
650 4 _aMúsicos-
_zPortugal-
_vBibliografías.
_9136576
852 _aES-MaACL
_jG-8269-8270
_z-- Enc. pasta
999 _c167023
_d167023